000 01509nam a2200349Ia 4500
001 ebr10559007
003 CaPaEBR
006 m u
007 cr cn|||||||||
008 100623s2009 onca sb 000 0 eng d
010 _z 2010455493
020 _z9780773536128
020 _z0773536124
020 _z9780773576278
040 _aCaPaEBR
_cCaPaEBR
035 _a(OCoLC)708579657
050 1 4 _aHJ7663
_b.H68 2009eb
082 0 4 _a336.390971
_222
245 0 0 _aHow Ottawa spends, 2009-2010
_h[electronic resource] :
_beconomic upheaval and political dysfunction /
_cedited by Allan M. Maslove.
260 _aOttawa, Ontario ;
_aIthaca :
_bpublished for the School of Public Policy and Administration, Carleton University by McGill-Queen's University Press,
_c2009.
300 _avi, 308 p. :
_bill.
504 _aIncludes bibliographical references.
533 _aElectronic reproduction.
_bPalo Alto, Calif. :
_cebrary,
_d2011.
_nAvailable via World Wide Web.
_nAccess may be limited to ebrary affiliated libraries.
650 0 _aGovernment spending policy
_zCanada.
651 0 _aCanada
_xAppropriations and expenditures.
651 0 _aCanada
_xPolitics and government.
655 7 _aElectronic books.
_2local
700 1 _aMaslove, Allan M.
710 2 _aebrary, Inc.
710 2 _aCarleton University.
_bSchool of Public Policy and Administration.
856 4 0 _uhttp://site.ebrary.com/lib/rucke/Doc?id=10559007
_zAn electronic book accessible through the World Wide Web; click to view
999 _c89313
_d89313